000 01436nam a2200265Ia 4500
003 OSt
005 20220930094827.0
006 a|||||r|||| 00| 0
007 ta
008 220926b |||||||| |||| 00| 0 hin d
024 _a20596
037 _cTheses
040 _aCRL
_cCRL
_bhin
041 _2hin
_ahin
100 _aशर्मा, संजय
110 _aदिल्ली विश्वविद्यालय. केन्द्रीय शिक्षा संस्थान संकाय. शिक्षा विभाग
_9556384
245 0 _aसामाजिक बहिर्वेशन, अस्मिता एवं शिक्षा
_b दलित समुदाय के सन्दर्भ में एक व्याक्तिवृत अध्ययन
246 _aSāmājik bahirveshana, asmitā evan shikṣhā: dalit samudāya ke sandarbha mean ek vyāktivṛut adhyayana
260 _c2013
650 _aशिक्षण
700 _a प्रो. गेसू आर. अरविन्द, गा.
_9556385
700 _aदिल्ली विश्वविद्यालय. केन्द्रीय शिक्षा संस्थान संकाय. शिक्षा विभाग
_9556386
942 _cDIS
_2CC
999 _c887734
_d887734